Atlas de geografía humana
Guardat en:
| Autor principal: | |
|---|---|
| Format: | Llibre |
| Idioma: | espanyol |
| Publicat: |
Madrid
Tusquets
2001
|
| Col·lecció: | Colección Fábula, 165
|
| Matèries: | |
| Etiquetes: |
Afegir etiqueta
Sense etiquetes, Sigues el primer a etiquetar aquest registre!
|
MARC
| LEADER | 00000nam a2200000 a 4500 | ||
|---|---|---|---|
| 001 | UCP2486 | ||
| 003 | CL-VaPUC | ||
| 005 | 20240326120052.0 | ||
| 008 | 990520e20010000SP |||||||||||||||||spa|d | ||
| 999 | |c 281011 |d 281009 | ||
| 040 | |c Pontificia Universidad Católica de Valparaíso | ||
| 082 | 0 | 4 | |a 863 GRA 2001 |2 21 |
| 100 | |a Grandes, Almudena |e author |9 429271 | ||
| 245 | 1 | 0 | |a Atlas de geografía humana |
| 260 | |a Madrid |b Tusquets |c 2001 | ||
| 300 | |a 467 p | ||
| 490 | 0 | |a Colección Fábula, 165 | |
| 583 | |a last modification |c 19990520 00:00:00 |k Rodrigo Vera | ||
| 650 | 0 | |a Novelas españolas |9 265052 | |
| 650 | 0 | |a Literatura española |9 306261 | |
| 942 | |c BK |2 ddc | ||
| 945 | |d 19990520 00:00:00 |a rbrito | ||
| 952 | |0 0 |1 0 |4 0 |6 863_000000000000000_GRA_2001 |7 0 |8 A |9 321608 |a BIBEDU |b BIBEDU |c ES_NOD |d 2019-11-20 |i 3523411 |o 863 GRA 2001 |p 3523411 |r 2023-08-09 |w 2019-11-20 |y BK |k LIT | ||